Cursed / (Record no. 126886)

MARC details
000 -LEADER
fixed length control field 01917nam a2200313Ki 4500
001 - CONTROL NUMBER
control field on1112702193
003 - CONTROL NUMBER IDENTIFIER
control field OCoLC
005 - DATE AND TIME OF LATEST TRANSACTION
control field 20201110125631.0
008 - FIXED-LENGTH DATA ELEMENTS--GENERAL INFORMATION
fixed length control field 190822s2019 nyuaf d 000 1 eng d
020 ## - INTERNATIONAL STANDARD BOOK NUMBER
International Standard Book Number 9781534425330
Qualifying information (hardcover)
020 ## - INTERNATIONAL STANDARD BOOK NUMBER
International Standard Book Number 1534425330
Qualifying information (hardcover)
035 ## - SYSTEM CONTROL NUMBER
System control number (OCoLC)1112702193
040 ## - CATALOGING SOURCE
Original cataloging agency LPU
Language of cataloging eng
Description conventions rda
Transcribing agency LPU
049 ## - LOCAL HOLDINGS (OCLC)
Holding library UOKA
092 ## - LOCALLY ASSIGNED DEWEY CALL NUMBER (OCLC)
Classification number YA WHEELER 2019
999 ## - SYSTEM CONTROL NUMBERS (KOHA)
Koha Dewey Subclass [OBSOLETE] 03481816
100 1# - MAIN ENTRY--PERSONAL NAME
Personal name Wheeler, Thomas
Titles and other words associated with a name (Screenwriter)
9 (RLIN) 27371
245 10 - TITLE STATEMENT
Title Cursed /
Statement of responsibility, etc written by Thomas Wheeler ; illustrated by Frank Miller ; coloring by Tula Latoy.
250 ## - EDITION STATEMENT
Edition statement First edition.
300 ## - PHYSICAL DESCRIPTION
Extent 408 pages, 6 unnumbered leaves of plates :
Other physical details illustrations (some color) ;
Dimensions 24 cm
520 ## - SUMMARY, ETC.
Summary, etc "Nimue grew up an outcast. Her connection to dark magic made her something to be feared in her Druid village, and that made her desperate to leave. That is, until her entire village is slaughtered by Red Paladins, and Nimue's fate is forever altered. Charged by her dying mother to reunite an ancient sword with a legendary sorcerer, Nimue is now her people's only hope. Her mission leaves little room for revenge, but the growing power within her can think of little else. Nimue teams up with a charming mercenary named Arthur and refugee Fey Folk from across England. She wields a sword meant for the one true king, battling paladins and the armies of a corrupt king. She struggles to unite her people, avenge her family, and discover the truth about her destiny. But perhaps the one thing that can change Destiny itself is found at the edge of a blade"--Amazon.com.
600 00 - SUBJECT ADDED ENTRY--PERSONAL NAME
Personal name Arthur,
Titles and other words associated with a name King
Form subdivision Juvenile fiction.
9 (RLIN) 27372
650 #0 - SUBJECT ADDED ENTRY--TOPICAL TERM
Topical term or geographic name as entry element Druids and druidism
Form subdivision Juvenile fiction.
9 (RLIN) 27373
650 #0 - SUBJECT ADDED ENTRY--TOPICAL TERM
Topical term or geographic name as entry element Fairies
Form subdivision Juvenile fiction
9 (RLIN) 27374
655 #0 - INDEX TERM--GENRE/FORM
Genre/form data or focus term Young adult fiction.
9 (RLIN) 27375
700 1# - ADDED ENTRY--PERSONAL NAME
Personal name Miller, Frank,
Dates associated with a name 1957-
Relator term illustrator.
9 (RLIN) 27376
700 1# - ADDED ENTRY--PERSONAL NAME
Personal name Latoy, Tula
9 (RLIN) 27377
942 ## - ADDED ENTRY ELEMENTS (KOHA)
Source of classification or shelving scheme Dewey Decimal Classification
Koha item type Book
Holdings
Withdrawn status Lost status Source of classification or shelving scheme Damaged status Not for loan Home library Current library Date acquired Total Checkouts Full call number Barcode Date last seen Date checked out Cost, replacement price Price effective from Koha item type Shelving location
  Lost Dewey Decimal Classification     Martha's Vineyard High School Library Martha's Vineyard High School Library 11/10/2020 1 FIC/WHE 39844500055948 02/10/2021 02/10/2021 25.00 11/10/2020 Book  
  Available Dewey Decimal Classification     Martha's Vineyard High School Library Martha's Vineyard High School Library 03/13/2025   FIC/WHE 39844500067173 08/02/2025   25.00 11/10/2020 Book FANTASY